=LDR 00000nam 2200000 4500 =001 INLIS000000000056119 =005 20200901090626 =035 ##$$a 0010-0820000260 =245 1#$$a Merobek mantik yang mentok /$c Drs.Mahyudin HS =100 #$$a Mahyudin HS =250 ##$$a cet. 1 =300 ##$$a ix,111 hlm. ; $c 21 x 14 cm =260 ##$$a Jakarta :$b Paramarta,$c 1998. =082 ##$$a 2X6.2 =084 ##$$a 2X6.2 MAH m =600 #4$$a Sosial Budaya Islam =504 ##$$a Biblografi :hlm.111-112 =008 200901################g##########0#ind## =990 ##$$a 1199900361 =990 ##$$a 1200000942 =990 ##$$a 1199900361 =990 ##$$a 1200000942 =990 ##$$a 18991899 =990 ##$$a 145.079/Pro-99 =990 ##$$a 1199900361 =990 ##$$a 1200000942